Návrh opatrení na zlepšenie využívania personálneho marketingu v spoločnosti Vodrážka s.r.o.
Saved in:
| Main Author: | |
|---|---|
| Other Authors: | |
| Format: | Manuscript Book |
| Language: | Slovak |
| Published: |
2019
|
| Subjects: | |
| Online Access: | http://is.stuba.sk/zp/portal_zp.pl?podrobnosti=134381 |
| Tags: |
No Tags, Be the first to tag this record!
|
MARC
| LEADER | 00000ntm a22000003a 4500 | ||
|---|---|---|---|
| 001 | stuzp72831 | ||
| 003 | SK-STU | ||
| 005 | 20190629210926.1 | ||
| 007 | ta | ||
| 008 | 150427s2015----xo-----f-mn---000-0-slo-d | ||
| 040 | |a STU |b slo | ||
| 041 | 0 | |a slo | |
| 100 | 1 | |a Valkovič, Jerguš |u 064000 |4 aut |U MTF Materiálovotechnologická fakulta |T MTF Ústav priemyselného inžinierstva a manažmentu |X 85509 |U M4000 |Y 84 |7 85509 | |
| 242 | 0 | 1 | |a Proposal for measures to improve the use of personal marketing in company Vodrážka s.r.o. |y eng |
| 245 | 1 | 0 | |a Návrh opatrení na zlepšenie využívania personálneho marketingu v spoločnosti Vodrážka s.r.o. |
| 260 | |c 2019 | ||
| 650 | 4 | |a marketing |2 slo | |
| 650 | 4 | |a personál |2 slo | |
| 650 | 4 | |a kvalita |2 slo | |
| 650 | 4 | |a technológie |2 slo | |
| 650 | 4 | |a proces |2 slo | |
| 650 | 4 | |a personal |2 eng | |
| 650 | 4 | |a quality |2 eng | |
| 650 | 4 | |a marketing |2 eng | |
| 650 | 4 | |a technology |2 eng | |
| 650 | 4 | |a process |2 eng | |
| 700 | 1 | |a Prajová, Vanessa |u 064000 |k Z2 |4 ths |U MTF Materiálovotechnologická fakulta |T MTF Ústav priemyselného inžinierstva a manažmentu |X 47651 |U M4000 |Y 84 |7 A000047651 | |
| 856 | 4 | |u http://is.stuba.sk/zp/portal_zp.pl?podrobnosti=134381 | |
| 996 | |c M* BP-8576 |l MMSKP |s P |a 0 |w stuzp72831_0001 | ||